| 000 | 00732nam a2200217 a 4500 | ||
|---|---|---|---|
| 003 | EG-GiCUC | ||
| 008 | 081228s1979 ua f 000 0 ara d | ||
| 017 |
_a79/4658 _bمصر.دار الكتب |
||
| 040 |
_aEG-GiCUC _bara _c EG-GiCUC |
||
| 092 | 0 | 4 |
_a320.019 _bS5281 _221 |
| 099 |
_a04 _a320.019 S5281 |
||
| 100 | 1 | _aشعلان : محمد | |
| 245 | 1 | 2 |
_aالطب النفسى و السياسة : _b فى الناس و النفس و الجسد / _cمحمد شعلان |
| 260 |
_aالقاهرة : _bالعربى : _c1979 |
||
| 300 |
_a155ص ؛ _c20سم |
||
| 650 | 7 |
_aعلم النفس السياسى _2qrmak |
|
| 902 | _a3 | ||
| 905 |
_aابراهيم _eمدخل |
||
| 905 |
_aجيهان _eمراجع |
||
| 942 |
_2ddc _cBK |
||
| 999 |
_c102940 _d102940 |
||